[Event "EIWCC 2017"]
[Site "Riga"]
[Date "2017.04.22"]
[Round "11"]
[White "Michna, Marta"]
[Black "Mammadova, Narmin"]
[Result "1/2-1/2"]
[WhiteElo "2389"]
[BlackElo "2240"]
[Annotator "TA"]
[PlyCount "220"]
[EventDate "2017.??.??"]
[EventType "swiss"]
[EventCountry "LAT"]
[SourceTitle "playchess.com"]
[Source "ChessBase"]
[SourceQuality "1"]

1. d4 d5 2. Bf4 Nf6 3. e3 c5 4. c3 Nc6 5. Nd2 cxd4 6. exd4 g6 7. Bd3 Bg7 8. h3 O-O 9. Ngf3 a6 10. a4 Nh5 11. Bh2 Bh6 12. O-O Bf4 13. Re1 Bxh2+ 14. Nxh2 Nf4 15. Bf1 Qd6 16. Nhf3 Bf5 17. Nb3 b6 18. Qd2 f6 19. a5 b5 20. Nh4 Bc8 21. Qe3 Kg7 22. Nf3 Ra7 23. Rad1 Bf5 24. Rd2 h6 25. Nh4 Bc8 26. Bd3 g5 27. Nf5+ Bxf5 28. Bxf5 e5 29. dxe5 fxe5 30. Be4 Raf7 31. Red1 Ne7 32. Bb1 Nc6 33. Ba2 Qg6 34. Nc5 d4 35. Bxf7 dxe3 36. Bxg6 exd2 37. Be4 Nxa5 38. Rxd2 Nc4 39. Rc2 Rf6 40. Kh2 Rd6 41. g3 Nh5 42. Re2 Nf6 43. b3 Nd2 44. Bb7 e4 45. Kg2 a5 46. Bxe4 Ndxe4 47. Nxe4 Rc6 48. c4 bxc4 49. bxc4 Nxe4 50. Rxe4 a4 51. c5 Rxc5 52. Rxa4 Rc3 53. g4 Rb3 54. f3 Rc3 55. Kg3 Rb3 56. Ra5 Rc3 57. Rf5 Kg6 58. h4 gxh4+ 59. Kxh4 Rb3 60. Kg3 Ra3 61. Re5 Rb3 62. Kf4 Rb6 63. Ra5 Re6 64. Rd5 Kf6 65. Ra5 Kg6 66. Re5 Ra6 67. Kg3 Ra3 68. Re6+ Kg5 69. Rd6 Rb3 70. Kf2 Ra3 71. Re6 Rb3 72. Re3 Rb6 73. Kg3 Kg6 74. Kh4 Rb1 75. Re6+ Kg7 76. Kg3 Rb4 77. Re4 Rb6 78. Kf4 Kg6 79. Re5 Rb4+ 80. Re4 Rb6 81. Re5 Rb4+ 82. Kg3 Rb3 83. Rf5 Ra3 84. Kh4 Rb3 85. Rf4 Ra3 86. Kg3 Rb3 87. Ra4 Kg5 88. Kf2 Rc3 89. Ra5+ Kg6 90. f4 Rb3 91. Ra6+ Kg7 92. f5 Rc3 93. Ra7+ Kg8 94. Ra8+ Kg7 95. Kg2 Rb3 96. Ra7+ Kg8 97. Ra6 Kg7 98. Kf2 Rc3 99. Rg6+ Kh7 100. Re6 Kg7 101. Re3 Rc5 102. Re7+ Kg8 103. Kg3 h5 104. Kh4 hxg4 105. Kxg4 Kf8 106. Ra7 Rc6 107. Kg5 Rb6 108. Rh7 Ra6 109. Rh6 Rxh6 110. Kxh6 Kf7 1/2-1/2

[Event "EIWCC 2017"]
[Site "Riga"]
[Date "2017.04.22"]
[Round "11"]
[White "Ovod, Evgenija"]
[Black "Buksa, Nataliya"]
[Result "1/2-1/2"]
[WhiteElo "2382"]
[BlackElo "2314"]
[Annotator "NA"]
[PlyCount "78"]
[EventDate "2017.??.??"]
[EventType "swiss"]
[EventCountry "LAT"]
[SourceTitle "playchess.com"]
[Source "ChessBase"]
[SourceQuality "1"]

1. d4 Nf6 2. Bg5 Ne4 3. Bf4 d5 4. e3 c5 5. Bd3 Nf6 6. dxc5 Nc6 7. Nf3 Bg4 8. Bb5 e6 9. b4 a5 10. c3 Nd7 11. a3 g5 12. Bg3 Bg7 13. Ra2 axb4 14. Bxc6 bxc6 15. cxb4 Qf6 16. Bd6 e5 17. h3 Bh5 18. Nbd2 e4 19. g4 exf3 20. gxh5 Qc3 21. Qxf3 Be5 22. O-O g4 23. Qxg4 O-O-O 24. Nb1 Qb3 25. Qe2 Rhg8+ 26. Kh1 Bxd6 27. cxd6 d4 28. Rc2 Kb7 29. Qc4 Qxc4 30. Rxc4 dxe3 31. fxe3 Ne5 32. Re4 Rg3 33. Rxe5 Rdg8 34. Rxf7+ Kb6 35. Rf2 Rxh3+ 36. Rh2 Rhg3 37. Rf2 Rh3+ 38. Rh2 Rhg3 39. Rf2 Rh3+ 1/2-1/2

[Event "EIWCC 2017"]
[Site "Riga"]
[Date "2017.04.22"]
[Round "11"]
[White "Papp, Petra"]
[Black "Mamedjarova, Zeinab"]
[Result "1-0"]
[WhiteElo "2378"]
[BlackElo "2322"]
[Annotator "NA"]
[PlyCount "89"]
[EventDate "2017.??.??"]
[EventType "swiss"]
[EventCountry "LAT"]
[SourceTitle "playchess.com"]
[Source "ChessBase"]
[SourceQuality "1"]

1. e4 d6 2. d4 Nd7 3. Nc3 c6 4. f4 Qc7 5. Nf3 Ngf6 6. e5 Nd5 7. Nxd5 cxd5 8. Bd3 e6 9. Ng5 Be7 10. Qg4 g6 11. c3 Nb6 12. Qe2 Bd7 13. Nf3 O-O-O 14. Be3 Kb8 15. Bf2 f6 16. Bh4 Rhf8 17. O-O Rde8 18. Rac1 dxe5 19. dxe5 f5 20. Bxe7 Rxe7 21. b3 h6 22. a4 Rg7 23. a5 Nc8 24. c4 dxc4 25. Bxc4 Qxa5 26. Rfd1 Re7 27. Qf2 Qb6 28. Rd4 Bc6 29. Rcd1 a6 30. h3 Rg8 31. h4 Qc7 32. Qe3 Rge8 33. Kh2 Nb6 34. Rd6 Bxf3 35. Qxf3 Nxc4 36. bxc4 Ka7 37. Qe3+ Kb8 38. c5 Rc8 39. c6 bxc6 40. Rb1+ Ka8 41. Qd3 Ka7 42. Qd4+ Ka8 43. Rb6 Qa7 44. Rdxc6 Rb8 45. Rxa6 1-0

[Event "EIWCC 2017"]
[Site "Riga"]
[Date "2017.04.22"]
[Round "11"]
[White "Savina, Anastasia"]
[Black "Sandu, Mihaela"]
[Result "1/2-1/2"]
[WhiteElo "2378"]
[BlackElo "2261"]
[Annotator "TA"]
[PlyCount "43"]
[EventDate "2017.??.??"]
[EventType "swiss"]
[EventCountry "LAT"]
[SourceTitle "playchess.com"]
[Source "ChessBase"]
[SourceQuality "1"]

1. d4 Nf6 2. c4 g6 3. Nc3 Bg7 4. e4 d6 5. Nf3 O-O 6. Be2 e5 7. O-O exd4 8. Nxd4 Re8 9. f3 Nc6 10. Be3 Nh5 11. Qd2 Nxd4 12. Bxd4 Nf4 13. Rf2 Bxd4 14. Qxd4 Nxe2+ 15. Rxe2 Be6 16. Rd1 c6 17. b3 Qa5 18. Red2 Rad8 19. Qf6 b5 20. cxb5 cxb5 21. Rxd6 b4 22. Rxd8 1/2-1/2

[Event "EIWCC 2017"]
[Site "Riga"]
[Date "2017.04.22"]
[Round "11"]
[White "Kovanova, Baira"]
[Black "Fataliyeva, Ulviyya"]
[Result "0-1"]
[WhiteElo "2376"]
[BlackElo "2287"]
[Annotator "NA"]
[PlyCount "68"]
[EventDate "2017.??.??"]
[EventType "swiss"]
[EventCountry "LAT"]
[SourceTitle "playchess.com"]
[Source "ChessBase"]
[SourceQuality "1"]

1. c4 e6 2. Nf3 Nf6 3. g3 d5 4. Bg2 dxc4 5. Qa4+ c6 6. Qxc4 b5 7. Qc2 Bb7 8. d4 Nbd7 9. O-O Rc8 10. Qd3 Qb6 11. a4 b4 12. Nbd2 c5 13. Nc4 Qa6 14. b3 cxd4 15. Qxd4 Nc5 16. Ncd2 Bd5 17. Bb2 Qxe2 18. Rac1 Rd8 19. Rxc5 Bxf3 20. Bxf3 Rxd4 21. Rc8+ Kd7 22. Bxe2 Rxd2 23. Rfc1 Rxb2 24. Bb5+ Kd6 25. R1c7 Rxb3 26. Rxf7 Rc3 27. Rd8+ Ke5 28. f4+ Ke4 29. Kg2 Ng4 30. Kh3 Nf2+ 31. Kg2 Rc2 32. Re8 Ng4+ 33. Kf1 Kf3 34. Ke1 b3 0-1

[Event "EIWCC 2017"]
[Site "Riga"]
[Date "2017.04.22"]
[Round "11"]
[White "Arakhamia-Grant, Ketevan"]
[Black "Abdulla, Khayala"]
[Result "0-1"]
[WhiteElo "2374"]
[BlackElo "2241"]
[Annotator "ChessBase"]
[PlyCount "176"]
[EventDate "2017.??.??"]
[EventType "swiss"]
[EventCountry "LAT"]
[SourceTitle "playchess.com"]
[Source "ChessBase"]
[SourceQuality "1"]

1. e4 c5 2. Nc3 Nc6 3. Nf3 e5 4. Bc4 d6 5. d3 Be7 6. h3 Nf6 7. a3 O-O 8. O-O a6 9. Be3 Rb8 10. Nd2 Be6 11. Nd5 Bxd5 12. exd5 Nd4 13. g4 Nd7 14. c3 Nb5 15. Ne4 Nc7 16. Bb3 b5 17. Rb1 Nf6 18. Nxf6+ Bxf6 19. Qd2 Qd7 20. Kh2 Rbe8 21. c4 Bd8 22. f4 exf4 23. Bxf4 Bf6 24. Bd1 bxc4 25. dxc4 Re4 26. b3 Rfe8 27. Kg2 Bh4 28. Bf3 Rd4 29. Qc1 Qe7 30. Rb2 Qf6 31. Be3 Rd3 32. Be4 Qe5 33. Bxd3 Qg3+ 34. Kh1 Rxe3 35. Rg2 Qxh3+ 36. Rh2 Qg3 37. Rg2 Qe5 38. Qc2 g6 39. Re2 Rh3+ 40. Rh2 Qg3 41. Be4 Qxg4 42. Qg2 Rg3 43. Qc2 Bf6 44. Bg2 Be5 45. b4 cxb4 46. Qf2 Qd7 47. axb4 h5 48. c5 Rb3 49. Rh4 f5 50. Rc4 Qe7 51. Qe1 Nb5 52. cxd6 Nxd6 53. Rc6 Rg3 54. Rf4 Ne4 55. Rxe4 fxe4 56. Qxe4 Qg5 57. d6 Re3 58. Qc4+ Kg7 59. Rc7+ Kh6 60. Rf7 Qg3 61. Kg1 Rc3 62. Qe4 Qh2+ 63. Kf2 Qg3+ 64. Kg1 Qh2+ 65. Kf2 Ra3 66. d7 Ra2+ 67. Kf1 Ra1+ 68. Ke2 Ra2+ 69. Kf1 Ra1+ 70. Ke2 Ra2+ 71. Kd1 Qg1+ 72. Rf1 Ra1+ 73. Kc2 Ra2+ 74. Kd1 Ra1+ 75. Kc2 Ra2+ 76. Kb3 Rb2+ 77. Ka3 Qb6 78. Rd1 a5 79. Bf1 axb4+ 80. Ka4 Ra2+ 81. Kb3 Ra3+ 82. Kc2 Qc7+ 83. Bc4 Ra2+ 84. Kb3 Ra3+ 85. Kc2 b3+ 86. Kd2 Qxd7+ 87. Ke2 Ra2+ 88. Ke1 Bg3+ 0-1

[Event "EIWCC 2017"]
[Site "Riga"]
[Date "2017.04.22"]
[Round "11"]
[White "Arabidze, Meri"]
[Black "Mkrtchian, Lilit"]
[Result "1/2-1/2"]
[WhiteElo "2373"]
[BlackElo "2425"]
[Annotator "TA"]
[PlyCount "134"]
[EventDate "2017.??.??"]
[EventType "swiss"]
[EventCountry "LAT"]
[SourceTitle "playchess.com"]
[Source "ChessBase"]
[SourceQuality "1"]

1. c4 e5 2. Nc3 Nc6 3. g3 g6 4. Bg2 Bg7 5. Rb1 a5 6. e3 d6 7. d3 Nf6 8. Nge2 O-O 9. O-O Be6 10. Nd5 Qd7 11. Nec3 Ne8 12. Re1 Bh3 13. Bh1 Qd8 14. a3 Nb8 15. Ne4 c6 16. Ndc3 Nc7 17. Qb3 Bc8 18. Na4 Ra6 19. c5 Nb5 20. Nac3 Be6 21. Qc2 Nxc3 22. bxc3 d5 23. Nd6 b6 24. a4 Nd7 25. cxb6 Qb8 26. Ba3 c5 27. Nb5 Rxb6 28. c4 d4 29. exd4 exd4 30. Qd2 Bf5 31. Rb3 Qd8 32. Bd5 Ra6 33. Qf4 Re8 34. Rxe8+ Qxe8 35. Qd2 Qd8 36. Qe2 h5 37. Bc1 Ne5 38. Bf4 Nd7 39. Nc7 Rb6 40. Nb5 Qf8 41. Bc7 Ra6 42. Na3 Bf6 43. Rb7 Bd8 44. Bxd8 Qxd8 45. Nb5 Kf8 46. Rc7 Bh3 47. f3 Qe8 48. Kf2 Qe5 49. f4 Rf6 50. Qxe5 Nxe5 51. Ke2 Nd7 52. Ra7 g5 53. fxg5 Rf5 54. Be4 Bg4+ 55. Ke1 Rxg5 56. Rxa5 Re5 57. Ra8+ Ke7 58. Kd2 f5 59. Bc6 Re2+ 60. Kc1 Ne5 61. Re8+ Kf6 62. Rxe5 Kxe5 63. Kb1 Re1+ 64. Kb2 Re2+ 65. Ka3 Re1 66. Kb2 Re2+ 67. Ka3 Re1 1/2-1/2

[Event "EIWCC 2017"]
[Site "Riga"]
[Date "2017.04.22"]
[Round "11"]
[White "Babiy, Olga"]
[Black "Zaksaite, Salomeja"]
[Result "1-0"]
[WhiteElo "2359"]
[BlackElo "2262"]
[Annotator "NA"]
[PlyCount "65"]
[EventDate "2017.??.??"]
[EventType "swiss"]
[EventCountry "LAT"]
[SourceTitle "playchess.com"]
[Source "ChessBase"]
[SourceQuality "1"]

1. e4 c5 2. Nf3 Nc6 3. d4 cxd4 4. Nxd4 Nf6 5. Nc3 e5 6. Ndb5 d6 7. Bg5 a6 8. Na3 Be6 9. Nc4 Rc8 10. Bxf6 gxf6 11. Ne3 Bh6 12. Bd3 Bxe3 13. fxe3 Qb6 14. Qc1 h5 15. O-O Rh6 16. Kh1 Ne7 17. Rb1 h4 18. Qd2 Kd7 19. Nd5 Bxd5 20. exd5 Rg8 21. c4 Rg4 22. b4 e4 23. c5 Qa7 24. Bc2 f5 25. Qd4 Ke8 26. Ba4+ Kf8 27. cxd6 Qxd4 28. dxe7+ Kxe7 29. exd4 Rhg6 30. Rxf5 Rxg2 31. Rbf1 Rxa2 32. Rxf7+ Kd6 33. Rd7# 1-0

[Event "EIWCC 2017"]
[Site "Riga"]
[Date "2017.04.22"]
[Round "11"]
[White "Lazarne Vajda, Szidonia"]
[Black "Melia, Salome"]
[Result "1/2-1/2"]
[WhiteElo "2355"]
[BlackElo "2400"]
[Annotator "TA"]
[PlyCount "176"]
[EventDate "2017.??.??"]
[EventType "swiss"]
[EventCountry "LAT"]
[SourceTitle "playchess.com"]
[Source "ChessBase"]
[SourceQuality "1"]

1. e4 c5 2. Nf3 Nc6 3. d4 cxd4 4. Nxd4 Nf6 5. Nc3 e5 6. Ndb5 d6 7. Bg5 a6 8. Na3 b5 9. Bxf6 gxf6 10. Nd5 f5 11. Bd3 Be6 12. O-O Bxd5 13. exd5 Ne7 14. Re1 Bg7 15. c3 O-O 16. Nc2 Qd7 17. a4 e4 18. Bf1 bxa4 19. Ne3 Rfb8 20. g3 Rxb2 21. Bh3 Qa7 22. Rxa4 Qb6 23. Rf1 Qb3 24. Bxf5 Qxd1 25. Rxd1 Bxc3 26. Rxe4 Ng6 27. Nc4 Rbb8 28. Nxd6 a5 29. Bd7 Bb4 30. Nb5 Rd8 31. Bc6 Rac8 32. Rdd4 Ne7 33. Rxb4 Nxc6 34. Rbc4 Rxd5 35. Nd4 Ne7 36. Rxc8+ Nxc8 37. Nc6 Kf8 38. Ra4 Rd6 39. Nxa5 Ra6 40. Ra1 Nd6 41. Nb3 Rb6 42. Nc5 Rb2 43. Re1 Rd2 44. Nd7+ Kg7 45. Ne5 Nf5 46. Nf3 Rd3 47. Kg2 Kf6 48. Re4 Rd5 49. Rf4 Kg7 50. Rg4+ Kf6 51. h4 h6 52. Rg8 Ne7 53. Re8 Nc6 54. Re4 Rc5 55. Rf4+ Kg7 56. g4 Rc3 57. h5 Rc5 58. Nh4 Ne7 59. Re4 Kf8 60. f3 Rb5 61. Kg3 Ra5 62. Ng2 f5 63. Re6 fxg4 64. fxg4 Ng8 65. Rb6 Kg7 66. Nf4 Ne7 67. Ne6+ Kf7 68. Nd4 Rd5 69. Nf3 Kg7 70. Re6 Ng8 71. Nh4 Rd3+ 72. Kf4 Kf7 73. Rg6 Rd4+ 74. Ke5 Rd1 75. Nf5 Re1+ 76. Kf4 Re6 77. Nd6+ Ke7 78. Nf5+ Kf7 79. Rg7+ Kf8 80. Ra7 Rb6 81. Kg3 Rb3+ 82. Kh4 Rb6 83. Rd7 Re6 84. Rd8+ Kf7 85. Rd7+ Kf8 86. Rb7 Ra6 87. Rd7 Re6 88. Nd6 Ne7 1/2-1/2

[Event "EIWCC 2017"]
[Site "Riga"]
[Date "2017.04.22"]
[Round "11"]
[White "Brunello, Marina"]
[Black "Hoolt, Sarah"]
[Result "0-1"]
[WhiteElo "2354"]
[BlackElo "2398"]
[Annotator "TA"]
[PlyCount "80"]
[EventDate "2017.??.??"]
[EventType "swiss"]
[EventCountry "LAT"]
[SourceTitle "playchess.com"]
[Source "ChessBase"]
[SourceQuality "1"]

1. e4 c5 2. Nf3 e6 3. d4 cxd4 4. Nxd4 Nc6 5. Nc3 a6 6. Be2 d6 7. O-O Nf6 8. Be3 Be7 9. f4 O-O 10. Kh1 Bd7 11. Qe1 b5 12. a3 Nxd4 13. Bxd4 Bc6 14. Qg3 g6 15. Bf3 Qd7 16. Rae1 Rac8 17. Nd1 Ne8 18. Ne3 Bf6 19. Bxf6 Nxf6 20. e5 Bxf3 21. exf6 Be4 22. c3 Rc5 23. Rd1 Rd8 24. Rd4 Qc6 25. Rfd1 h5 26. Kg1 Kh7 27. Qf2 e5 28. fxe5 Rxe5 29. Qf4 g5 30. Qf2 d5 31. h4 Rg8 32. Rf1 Qe6 33. Qg3 gxh4 34. Qxh4 Reg5 35. Rf2 Qe5 36. Qh2 Rg3 37. Rdd2 Bxg2 38. Rxg2 Qxe3+ 39. Kf1 Rf3+ 40. Rgf2 Rh3 0-1

[Event "EIWCC 2017"]
[Site "Riga"]
[Date "2017.04.22"]
[Round "11"]
[White "Mammadzada, Gunay"]
[Black "Charochkina, Daria"]
[Result "1-0"]
[WhiteElo "2348"]
[BlackElo "2381"]
[Annotator "NA"]
[PlyCount "126"]
[EventDate "2017.??.??"]
[EventType "swiss"]
[EventCountry "LAT"]
[SourceTitle "playchess.com"]
[Source "ChessBase"]
[SourceQuality "1"]

1. e4 d6 2. d4 Nf6 3. Nc3 c6 4. f4 Qa5 5. Bd3 e5 6. Nf3 exd4 7. Nxd4 g6 8. h3 Bg7 9. Be3 O-O 10. O-O Nbd7 11. Qd2 Re8 12. Rae1 Nc5 13. Nb3 Nxb3 14. axb3 b5 15. Ra1 Qc7 16. b4 a6 17. Qf2 Bb7 18. Bd4 c5 19. bxc5 dxc5 20. Bxf6 Bxf6 21. e5 Bg7 22. Be4 Rad8 23. Bxb7 Qxb7 24. Qxc5 b4 25. Na4 g5 26. Qf2 gxf4 27. Nc5 Qc8 28. Nd3 b3 29. Rac1 bxc2 30. Rxc2 Qf5 31. Nxf4 Bxe5 32. Re2 Qf6 33. Rfe1 h6 34. Kh1 Kh7 35. Qf3 Rd6 36. Qe4+ Kh8 37. Nd3 Rd4 38. Qe3 Rd5 39. Nxe5 Rexe5 40. Qxe5 Rxe5 41. Rxe5 Qf2 42. R5e2 Qf6 43. Kg1 Qd4+ 44. Rf2 h5 45. Ref1 Kg7 46. Kh1 Kg6 47. b3 Qb6 48. Rxf7 Qxb3 49. R7f6+ Kg7 50. Rxa6 Qc4 51. Raf6 Qe4 52. Rd6 Qe2 53. Rdf6 Qe4 54. R6f4 Qd3 55. Kh2 Qd6 56. Kg3 Qg6+ 57. Kh4 Qd3 58. Kxh5 Qe2+ 59. g4 Qe8+ 60. Rf7+ Kh8 61. R1f3 Kg8 62. g5 Qe2 63. Kh6 Qf2 1-0

[Event "EIWCC 2017"]
[Site "Riga"]
[Date "2017.04.22"]
[Round "11"]
[White "Antova, Gabriela"]
[Black "Sazonova, Anastasia"]
[Result "1/2-1/2"]
[WhiteElo "2335"]
[BlackElo "2143"]
[Annotator "NA"]
[PlyCount "62"]
[EventDate "2017.??.??"]
[EventType "swiss"]
[EventCountry "LAT"]
[SourceTitle "playchess.com"]
[Source "ChessBase"]
[SourceQuality "1"]

1. g3 d5 2. Bg2 c6 3. c4 Nf6 4. Nf3 Bg4 5. O-O Nbd7 6. d3 e6 7. cxd5 cxd5 8. Nc3 Be7 9. h3 Bh5 10. Bf4 O-O 11. Rc1 Rc8 12. a3 Qb6 13. b4 a5 14. Be3 Qd8 15. Qb3 Bxf3 16. exf3 Ne5 17. Ne2 axb4 18. axb4 Bd6 19. Rxc8 Qxc8 20. f4 Nc6 21. Rc1 Qd7 22. b5 Ne7 23. Bd4 Ra8 24. Ra1 Rxa1+ 25. Bxa1 Ne8 26. Nd4 Qc7 27. Bb2 Qb6 28. Qc2 Bc5 29. Nb3 Bd6 30. Nd4 Bc5 31. Nb3 Bd6 1/2-1/2

[Event "EIWCC 2017"]
[Site "Riga"]
[Date "2017.04.22"]
[Round "11"]
[White "Worek, Joanna"]
[Black "Paramzina, Anastasya"]
[Result "0-1"]
[WhiteElo "2330"]
[BlackElo "2202"]
[Annotator "NA"]
[PlyCount "36"]
[EventDate "2017.??.??"]
[EventType "swiss"]
[EventCountry "LAT"]
[SourceTitle "playchess.com"]
[Source "ChessBase"]
[SourceQuality "1"]

1. e4 c5 2. Nf3 d6 3. d4 cxd4 4. Nxd4 Nf6 5. Nc3 a6 6. h3 Nc6 7. g4 Qb6 8. Nb3 e6 9. Be3 Qc7 10. g5 Nd7 11. h4 b5 12. a3 Bb7 13. f4 Nc5 14. Nd2 g6 15. Bg2 Bg7 16. Qf3 b4 17. axb4 Nxb4 18. Rc1 d5 0-1

[Event "EIWCC 2017"]
[Site "Riga"]
[Date "2017.04.22"]
[Round "11"]
[White "Cosma, Elena-Luminita"]
[Black "Toma, Katarzyna"]
[Result "0-1"]
[WhiteElo "2316"]
[BlackElo "2229"]
[Annotator "NA"]
[PlyCount "82"]
[EventDate "2017.??.??"]
[EventType "swiss"]
[EventCountry "LAT"]
[SourceTitle "playchess.com"]
[Source "ChessBase"]
[SourceQuality "1"]

1. d4 Nf6 2. Nf3 g6 3. g3 Bg7 4. Bg2 O-O 5. O-O d6 6. b3 c5 7. c4 Nbd7 8. Nc3 a6 9. Bb2 Rb8 10. Rc1 b5 11. dxc5 Nxc5 12. Nd4 Bd7 13. cxb5 axb5 14. b4 Na6 15. a3 Qb6 16. Qd3 Nc7 17. Nb3 Ng4 18. Na5 Rfc8 19. Ba1 Ne5 20. Qd1 Nc4 21. Na4 Qa7 22. Bxg7 Kxg7 23. Nc5 Ne6 24. Nxc4 dxc5 25. Ne5 Be8 26. Qb3 c4 27. Qc3 f6 28. Nf3 Qa4 29. Bh3 Bf7 30. Rfd1 Rd8 31. Rxd8 Rxd8 32. Kg2 Nc7 33. Qe3 Nd5 34. Qc5 Qxa3 35. Rd1 Qb3 36. Rd2 c3 37. Rd3 Qc4 38. Nd4 e5 39. Nc2 Qe4+ 40. Kg1 Qxe2 41. Qxb5 Qxc2 0-1

[Event "EIWCC 2017"]
[Site "Riga"]
[Date "2017.04.22"]
[Round "11"]
[White "Gvetadze, Sofio"]
[Black "Bulmaga, Irina"]
[Result "1/2-1/2"]
[WhiteElo "2292"]
[BlackElo "2394"]
[Annotator "TA"]
[PlyCount "69"]
[EventDate "2017.??.??"]
[EventType "swiss"]
[EventCountry "LAT"]
[SourceTitle "playchess.com"]
[Source "ChessBase"]
[SourceQuality "1"]

1. e4 c5 2. Nf3 d6 3. c3 Nf6 4. Be2 Nc6 5. d4 cxd4 6. cxd4 Nxe4 7. d5 Qa5+ 8. Nc3 Nxc3 9. bxc3 Ne5 10. Nxe5 Qxc3+ 11. Kf1 Qxe5 12. Bb5+ Bd7 13. Bxd7+ Kxd7 14. Rb1 b6 15. Qa4+ Kd8 16. Rxb6 Qxd5 17. Rb5 Qc6 18. Rb8+ Rxb8 19. Qxc6 Rc8 20. Qb7 Rxc1+ 21. Ke2 Rxh1 22. Qb8+ Kd7 23. Qxa7+ Ke6 24. Qe3+ Kd7 25. Qa7+ Ke6 26. Qe3+ Kd7 27. Qa7+ Kc6 28. Qa6+ Kc5 29. Qa5+ Kc4 30. Qa4+ Kd5 31. Qb3+ Kc6 32. Qa4+ Kb6 33. Qb4+ Kc7 34. Qa5+ Kd7 35. Qa7+ 1/2-1/2

[Event "EIWCC 2017"]
[Site "Riga"]
[Date "2017.04.22"]
[Round "11"]
[White "Doluhanova, Evgeniya"]
[Black "Balaian, Alina"]
[Result "0-1"]
[WhiteElo "2287"]
[BlackElo "2229"]
[Annotator "NA"]
[PlyCount "74"]
[EventDate "2017.??.??"]
[EventType "swiss"]
[EventCountry "LAT"]
[SourceTitle "playchess.com"]
[Source "ChessBase"]
[SourceQuality "1"]

1. e4 e6 2. d4 d5 3. Nd2 c5 4. exd5 Qxd5 5. Ngf3 cxd4 6. Bc4 Qd6 7. O-O Nf6 8. Nb3 Nc6 9. Nbxd4 Nxd4 10. Nxd4 a6 11. Re1 Qc7 12. Qe2 Bd6 13. Bg5 O-O 14. Bxf6 gxf6 15. Bd3 f5 16. Rad1 Bxh2+ 17. Kf1 Bf4 18. Qh5 Be5 19. c3 f6 20. Re3 b5 21. g4 Qf7 22. Qxf7+ Kxf7 23. gxf5 Bxd4 24. fxe6+ Bxe6 25. cxd4 Bxa2 26. Bxh7 Bd5 27. Bd3 Rh8 28. Ke2 Rh4 29. Rg1 Rxd4 30. Bg6+ Kf8 31. Rh3 Ke7 32. Bf5 Kd6 33. Rg6 Rb4 34. Rxf6+ Ke5 35. Rhh6 Rf4 36. Rxa6 Rxa6 37. Rxa6 Kxf5 0-1

[Event "EIWCC 2017"]
[Site "Riga"]
[Date "2017.04.22"]
[Round "11"]
[White "Travkina, Anastasia"]
[Black "Semenova, Elena"]
[Result "1-0"]
[WhiteElo "2287"]
[BlackElo "2212"]
[Annotator "NA"]
[PlyCount "65"]
[EventDate "2017.??.??"]
[EventType "swiss"]
[EventCountry "LAT"]
[SourceTitle "playchess.com"]
[Source "ChessBase"]
[SourceQuality "1"]

1. e4 e5 2. Bc4 Nf6 3. d3 Nc6 4. Nc3 Na5 5. Nge2 Be7 6. O-O O-O 7. a3 Nxc4 8. dxc4 d6 9. Qd3 Nd7 10. b4 Nb6 11. f4 exf4 12. Nxf4 Bf6 13. Be3 Be5 14. Rad1 Bd7 15. c5 Na4 16. Nxa4 Bxa4 17. Qe2 Qc8 18. b5 a6 19. Nd5 Re8 20. b6 dxc5 21. bxc7 Bxc7 22. Bg5 Bb5 23. c4 Ba4 24. Rd3 Bc6 25. Qh5 Bxd5 26. cxd5 Qd7 27. Rh3 h6 28. Bxh6 g6 29. Qh4 Be5 30. Bf4 Bd4+ 31. Kh1 Rxe4 32. Qh7+ Kf8 33. Bd6+ 1-0

[Event "EIWCC 2017"]
[Site "Riga"]
[Date "2017.04.22"]
[Round "11"]
[White "Fuchs, Judith"]
[Black "Zherebtsova, Alexandra"]
[Result "1/2-1/2"]
[WhiteElo "2274"]
[BlackElo "2222"]
[Annotator "NA"]
[PlyCount "47"]
[EventDate "2017.??.??"]
[EventType "swiss"]
[EventCountry "LAT"]
[SourceTitle "playchess.com"]
[Source "ChessBase"]
[SourceQuality "1"]

1. b3 c5 2. Bb2 Nf6 3. e3 g6 4. Bxf6 exf6 5. c4 Bg7 6. Nc3 Nc6 7. g3 f5 8. a3 O-O 9. Bg2 Rb8 10. Nge2 a6 11. a4 d6 12. O-O Bd7 13. d4 Qa5 14. Nd5 Rfe8 15. Ra2 Be6 16. Ndf4 cxd4 17. Nxd4 Nxd4 18. exd4 Bd7 19. Nd5 Be6 20. Qd2 Qd8 21. Nf4 Qb6 22. d5 Bd7 23. Qd1 Rbc8 24. Bf3 1/2-1/2

[Event "EIWCC 2017"]
[Site "Riga"]
[Date "2017.04.22"]
[Round "11"]
[White "Sedina, Elena"]
[Black "Gara, Ticia"]
[Result "0-1"]
[WhiteElo "2253"]
[BlackElo "2325"]
[Annotator "NA"]
[PlyCount "80"]
[EventDate "2017.??.??"]
[EventType "swiss"]
[EventCountry "LAT"]
[SourceTitle "playchess.com"]
[Source "ChessBase"]
[SourceQuality "1"]

1. e4 c5 2. Nf3 e6 3. c3 Nf6 4. e5 Nd5 5. Bc4 d6 6. d4 cxd4 7. cxd4 Be7 8. O-O O-O 9. Bd2 b6 10. Qe2 Bb7 11. Nc3 Nxc3 12. Bxc3 Nd7 13. Rad1 dxe5 14. dxe5 Qc7 15. Bb5 Nc5 16. Qe3 Rfd8 17. Rc1 Rac8 18. b4 Nd7 19. Bb2 Qb8 20. a3 Qa8 21. Rxc8 Qxc8 22. Nd4 Qa8 23. Rc1 Nf8 24. f3 Rc8 25. Rxc8 Qxc8 26. Qc3 Qd8 27. g3 Ng6 28. f4 h5 29. Bc6 Bxc6 30. Qxc6 a5 31. Qc4 axb4 32. axb4 h4 33. Kf2 Bf8 34. Bc3 Ne7 35. Nc6 Nxc6 36. Qxc6 Qd3 37. Kg2 Qc2+ 38. Kh3 Qf5+ 39. g4 Qxf4 40. Kxh4 Qxh2+ 0-1

[Event "EIWCC 2017"]
[Site "Riga"]
[Date "2017.04.22"]
[Round "11"]
[White "Narva, Mai"]
[Black "Galojan, Lilit"]
[Result "1-0"]
[WhiteElo "2249"]
[BlackElo "2290"]
[Annotator "ChessBase"]
[PlyCount "147"]
[EventDate "2017.??.??"]
[EventType "swiss"]
[EventCountry "LAT"]
[SourceTitle "playchess.com"]
[Source "ChessBase"]
[SourceQuality "1"]

1. e4 c5 2. Nf3 e6 3. d4 cxd4 4. Nxd4 Nf6 5. Nc3 d6 6. Be2 a6 7. O-O Be7 8. Be3 O-O 9. f4 Nc6 10. Bf3 Qc7 11. Kh1 Nxd4 12. Qxd4 Nd7 13. Rad1 b6 14. Qd2 Bb7 15. Bf2 Rfd8 16. Bg3 Rac8 17. Rde1 b5 18. a3 Nb6 19. Qf2 Nc4 20. Nd1 a5 21. c3 Qc5 22. Ne3 Nxe3 23. Rxe3 d5 24. exd5 Bxd5 25. f5 Bg5 26. Ree1 Bc4 27. Be2 exf5 28. Bxc4 bxc4 29. Qxf5 Qxf5 30. Rxf5 Bd2 31. Ref1 Rd7 32. Rxa5 Rb7 33. Rd1 Be3 34. Re5 Bh6 35. Rc5 Ra8 36. Rb1 f5 37. Rxc4 Rxa3 38. b4 Bd2 39. Be5 Kf7 40. Rc6 Re7 41. Bd4 Be3 42. b5 Bxd4 43. cxd4 Rd3 44. Rc4 Ke6 45. b6 Kd5 46. Rc8 Rb3 47. Rd8+ Kc6 48. d5+ Kb7 49. Rf1 Rxb6 50. d6 Re5 51. h3 Rd5 52. Rd7+ Kc6 53. Rxg7 Kxd6 54. Rxh7 Ke5 55. Re1+ Kf4 56. Rg7 Rb2 57. Kh2 Rf2 58. h4 Re5 59. Ra1 Re6 60. Kh3 Ke5 61. Rf7 f4 62. Ra5+ Ke4 63. Rb7 Rd6 64. Rb4+ Rd4 65. Rxd4+ Kxd4 66. h5 f3 67. gxf3 Rxf3+ 68. Kg4 Rf1 69. h6 Ke4 70. Kg5 Rg1+ 71. Kf6 Rh1 72. Kg6 Kf4 73. h7 Rg1+ 74. Kh6 1-0

[Event "EIWCC 2017"]
[Site "Riga"]
[Date "2017.04.22"]
[Round "11"]
[White "Gevorgyan, Maria"]
[Black "Osmanodja, Filiz"]
[Result "1-0"]
[WhiteElo "2227"]
[BlackElo "2370"]
[Annotator "NA"]
[PlyCount "59"]
[EventDate "2017.??.??"]
[EventType "swiss"]
[EventCountry "LAT"]
[SourceTitle "playchess.com"]
[Source "ChessBase"]
[SourceQuality "1"]

1. d4 Nf6 2. c4 e6 3. Nc3 Bb4 4. f3 d5 5. e3 O-O 6. a3 Bxc3+ 7. bxc3 c5 8. cxd5 exd5 9. Bd3 Nh5 10. Ne2 Qh4+ 11. g3 Qh3 12. Kf2 Nc6 13. dxc5 Nf6 14. Nf4 Qd7 15. Bb1 Rd8 16. Qc2 g6 17. Rd1 Qe7 18. c4 d4 19. exd4 Rxd4 20. Rxd4 Nxd4 21. Qc3 Ne6 22. Ng2 Nxc5 23. Bb2 Kg7 24. Bc2 Bh3 25. Re1 Ne6 26. Nf4 Qc5+ 27. Re3 Nxf4 28. Qxf6+ Kh6 29. Qxf4+ g5 30. Qf6+ 1-0